<?xml version="1.0" encoding="UTF-8"?>
<record
    xmlns:xsi="http://www.w3.org/2001/XMLSchema-instance"
    xsi:schemaLocation="http://www.loc.gov/MARC21/slim http://www.loc.gov/standards/marcxml/schema/MARC21slim.xsd"
    xmlns="http://www.loc.gov/MARC21/slim">

  <leader>01924cam a2200337 i 4500</leader>
  <controlfield tag="003">SA-RiAUC</controlfield>
  <controlfield tag="005">20240930141315.0</controlfield>
  <controlfield tag="008">240924s1999    su     g b    000r0 ara c</controlfield>
  <datafield tag="040" ind1=" " ind2=" ">
    <subfield code="a">SA-RiAUC</subfield>
    <subfield code="b">ara</subfield>
    <subfield code="c">SA-RiAUC</subfield>
    <subfield code="e">rda</subfield>
  </datafield>
  <datafield tag="082" ind1="0" ind2="4">
    <subfield code="a">237.1</subfield>
  </datafield>
  <datafield tag="090" ind1=" " ind2=" ">
    <subfield code="a">237.1</subfield>
    <subfield code="b">&#x627; &#x628; &#x646; &#x627;</subfield>
  </datafield>
  <datafield tag="100" ind1="1" ind2=" ">
    <subfield code="a">&#x627;&#x628;&#x646; &#x623;&#x628;&#x64A; &#x628;&#x631;&#x62F;&#x629; &#x627;&#x644;&#x623;&#x634;&#x639;&#x631;&#x64A;&#x60C; &#x628;&#x631;&#x64A;&#x62F; &#x628;&#x646; &#x639;&#x628;&#x62F; &#x627;&#x644;&#x644;&#x647;&#x60C;</subfield>
    <subfield code="d">&#x62A;&#x648;&#x641;&#x64A; &#x628;&#x639;&#x62F; 140 &#x647;&#x62C;&#x631;&#x64A;</subfield>
    <subfield code="e">&#x645;&#x624;&#x644;&#x641;.</subfield>
  </datafield>
  <datafield tag="245" ind1="1" ind2="0">
    <subfield code="a">&#x643;&#x62A;&#x627;&#x628; &#x641;&#x64A;&#x647; &#x623;&#x631;&#x628;&#x639;&#x648;&#x646; &#x62D;&#x62F;&#x64A;&#x62B;&#x627; &#x645;&#x646; &#x645;&#x633;&#x646;&#x62F; &#x628;&#x631;&#x64A;&#x62F; &#x628;&#x646; &#x639;&#x628;&#x62F; &#x627;&#x644;&#x644;&#x647; &#x628;&#x646; &#x623;&#x628;&#x64A; &#x628;&#x631;&#x62F;&#x629; &#x639;&#x646; &#x62C;&#x62F;&#x647; &#x639;&#x646; &#x623;&#x628;&#x64A; &#x645;&#x648;&#x633;&#x649; &#x627;&#x644;&#x623;&#x634;&#x639;&#x631;&#x64A; /</subfield>
    <subfield code="c">&#x62C;&#x645;&#x639; &#x623;&#x628;&#x64A; &#x627;&#x644;&#x62D;&#x633;&#x646; &#x639;&#x644;&#x64A; &#x628;&#x646; &#x639;&#x645;&#x631; &#x627;&#x644;&#x62F;&#x627;&#x631;&#x642;&#x637;&#x646;&#x64A; &#x61B; &#x631;&#x648;&#x627;&#x64A;&#x629; &#x623;&#x628;&#x64A; &#x627;&#x644;&#x63A;&#x646;&#x627;&#x626;&#x645; &#x639;&#x628;&#x62F; &#x627;&#x644;&#x635;&#x645;&#x62F; &#x628;&#x646; &#x639;&#x644;&#x64A; &#x627;&#x644;&#x647;&#x627;&#x634;&#x645;&#x64A; &#x61B; &#x62F;&#x631;&#x627;&#x633;&#x629; &#x648;&#x62A;&#x62D;&#x642;&#x64A;&#x642; &#x645;&#x62D;&#x645;&#x62F; &#x628;&#x646; &#x639;&#x628;&#x62F; &#x627;&#x644;&#x643;&#x631;&#x64A;&#x645; &#x628;&#x646; &#x639;&#x628;&#x64A;&#x62F;.</subfield>
  </datafield>
  <datafield tag="264" ind1=" " ind2="1">
    <subfield code="a">&#x645;&#x643;&#x629; &#x627;&#x644;&#x645;&#x643;&#x631;&#x645;&#x629; :</subfield>
    <subfield code="b">&#x62C;&#x627;&#x645;&#x639;&#x629; &#x623;&#x645; &#x627;&#x644;&#x642;&#x631;&#x649;&#x60C; &#x645;&#x639;&#x647;&#x62F; &#x627;&#x644;&#x628;&#x62D;&#x648;&#x62B; &#x627;&#x644;&#x639;&#x644;&#x645;&#x64A;&#x629;&#x60C;</subfield>
    <subfield code="c">1999</subfield>
  </datafield>
  <datafield tag="300" ind1=" " ind2=" ">
    <subfield code="a">215 &#x635;&#x641;&#x62D;&#x629; &#x61B;</subfield>
    <subfield code="c">24 &#x633;&#x645;.</subfield>
  </datafield>
  <datafield tag="336" ind1=" " ind2=" ">
    <subfield code="a">&#x646;&#x635;</subfield>
    <subfield code="b">txt</subfield>
    <subfield code="2">rdacontent</subfield>
    <subfield code="3">&#x643;&#x62A;&#x627;&#x628;</subfield>
  </datafield>
  <datafield tag="337" ind1=" " ind2=" ">
    <subfield code="a">&#x628;&#x62F;&#x648;&#x646; &#x648;&#x633;&#x64A;&#x637;</subfield>
    <subfield code="b">n</subfield>
    <subfield code="2">rdamedia</subfield>
  </datafield>
  <datafield tag="338" ind1=" " ind2=" ">
    <subfield code="a">&#x645;&#x62C;&#x644;&#x62F;</subfield>
    <subfield code="b">nc</subfield>
    <subfield code="2">rdacarrier</subfield>
  </datafield>
  <datafield tag="440" ind1=" " ind2="0">
    <subfield code="a">&#x627;&#x644;&#x645;&#x626;&#x648;&#x64A;&#x629;</subfield>
  </datafield>
  <datafield tag="490" ind1=" " ind2=" ">
    <subfield code="a">&#x627;&#x644;&#x645;&#x626;&#x648;&#x64A;&#x629;</subfield>
  </datafield>
  <datafield tag="504" ind1=" " ind2=" ">
    <subfield code="a">&#x628;&#x628;&#x644;&#x64A;&#x648;&#x62C;&#x631;&#x627;&#x641;&#x64A;&#x629; : &#x635;&#x641;&#x62D;&#x629; 192-210.</subfield>
  </datafield>
  <datafield tag="600" ind1="1" ind2="7">
    <subfield code="a">&#x623;&#x628;&#x648; &#x645;&#x648;&#x633;&#x649; &#x627;&#x644;&#x623;&#x634;&#x639;&#x631;&#x64A;&#x60C; &#x639;&#x628;&#x62F; &#x627;&#x644;&#x644;&#x647; &#x628;&#x646; &#x642;&#x64A;&#x633; &#x628;&#x646; &#x633;&#x644;&#x64A;&#x645;&#x60C;</subfield>
    <subfield code="d">21 &#x642;&#x628;&#x644; &#x647;&#x62C;&#x631;&#x64A;-44 &#x647;&#x62C;&#x631;&#x64A;</subfield>
    <subfield code="2">aucnm</subfield>
  </datafield>
  <datafield tag="650" ind1=" " ind2="7">
    <subfield code="a">&#x627;&#x644;&#x62D;&#x62F;&#x64A;&#x62B;</subfield>
    <subfield code="x">&#x627;&#x644;&#x645;&#x633;&#x627;&#x646;&#x64A;&#x62F;</subfield>
    <subfield code="2">aucsh</subfield>
  </datafield>
  <datafield tag="650" ind1=" " ind2="7">
    <subfield code="a">&#x627;&#x644;&#x62D;&#x62F;&#x64A;&#x62B;</subfield>
    <subfield code="x">&#x627;&#x644;&#x62C;&#x648;&#x627;&#x645;&#x639; (&#x639;&#x62F;&#x627; &#x645;&#x627; &#x630;&#x643;&#x631; &#x641;&#x64A; &#x627;&#x644;&#x643;&#x62A;&#x628; &#x627;&#x644;&#x633;&#x62A;&#x629;)</subfield>
    <subfield code="2">aucsh</subfield>
  </datafield>
  <datafield tag="700" ind1="1" ind2=" ">
    <subfield code="a">&#x627;&#x644;&#x62F;&#x627;&#x631;&#x642;&#x637;&#x646;&#x64A;&#x60C; &#x639;&#x644;&#x64A; &#x628;&#x646; &#x639;&#x645;&#x631; &#x628;&#x646; &#x623;&#x62D;&#x645;&#x62F;&#x60C;</subfield>
    <subfield code="d">306-385 &#x647;&#x62C;&#x631;&#x64A;</subfield>
    <subfield code="e">&#x62C;&#x627;&#x645;&#x639;.</subfield>
  </datafield>
  <datafield tag="700" ind1="1" ind2=" ">
    <subfield code="a">&#x627;&#x644;&#x647;&#x627;&#x634;&#x645;&#x64A;&#x60C; &#x639;&#x628;&#x62F; &#x627;&#x644;&#x635;&#x645;&#x62F; &#x628;&#x646; &#x639;&#x644;&#x64A;</subfield>
    <subfield code="e">&#x631;&#x627;&#x648;&#x64A;.</subfield>
  </datafield>
  <datafield tag="700" ind1="1" ind2=" ">
    <subfield code="a">&#x627;&#x644;&#x628;&#x646;&#x62C;&#x627;&#x628;&#x64A;&#x60C; &#x645;&#x62D;&#x645;&#x62F; &#x628;&#x646; &#x639;&#x628;&#x62F; &#x627;&#x644;&#x643;&#x631;&#x64A;&#x645; &#x628;&#x646; &#x639;&#x628;&#x64A;&#x62F;&#x60C;</subfield>
    <subfield code="d">1380 &#x647;&#x62C;&#x631;&#x64A;-</subfield>
    <subfield code="e">&#x645;&#x62D;&#x642;&#x642;.</subfield>
  </datafield>
  <datafield tag="740" ind1="0" ind2="2">
    <subfield code="a">&#x645;&#x633;&#x646;&#x62F; &#x628;&#x631;&#x64A;&#x62F; &#x628;&#x646; &#x639;&#x628;&#x62F; &#x627;&#x644;&#x644;&#x647; &#x628;&#x646; &#x623;&#x628;&#x64A; &#x628;&#x631;&#x62F;&#x629;.</subfield>
  </datafield>
  <datafield tag="942" ind1=" " ind2=" ">
    <subfield code="2">ddc</subfield>
    <subfield code="c">BOOK</subfield>
    <subfield code="n">0</subfield>
  </datafield>
  <datafield tag="949" ind1=" " ind2=" ">
    <subfield code="a">SA-JeALM</subfield>
    <subfield code="d">240924</subfield>
    <subfield code="u">mohamedma123</subfield>
    <subfield code="n">1</subfield>
  </datafield>
  <datafield tag="952" ind1=" " ind2=" ">
    <subfield code="0">0</subfield>
    <subfield code="1">0</subfield>
    <subfield code="2">ddc</subfield>
    <subfield code="4">0</subfield>
    <subfield code="7">0</subfield>
    <subfield code="a">WAHAB</subfield>
    <subfield code="b">WAHAB</subfield>
    <subfield code="d">2024-09-30</subfield>
    <subfield code="l">0</subfield>
    <subfield code="o">237.1 &#x627; &#x628; &#x646; &#x627;</subfield>
    <subfield code="p">000001131</subfield>
    <subfield code="r">2024-09-30 13:51:30</subfield>
    <subfield code="w">2024-09-30</subfield>
    <subfield code="y">BOOK</subfield>
  </datafield>
  <datafield tag="952" ind1=" " ind2=" ">
    <subfield code="0">0</subfield>
    <subfield code="1">0</subfield>
    <subfield code="2">ddc</subfield>
    <subfield code="4">0</subfield>
    <subfield code="7">0</subfield>
    <subfield code="a">WAHAB</subfield>
    <subfield code="b">WAHAB</subfield>
    <subfield code="d">2025-06-01</subfield>
    <subfield code="l">0</subfield>
    <subfield code="o">237.1 &#x627; &#x628; &#x646; &#x627;</subfield>
    <subfield code="p">000013844</subfield>
    <subfield code="r">2025-06-01 12:29:32</subfield>
    <subfield code="w">2025-06-01</subfield>
    <subfield code="y">BOOK</subfield>
  </datafield>
  <datafield tag="952" ind1=" " ind2=" ">
    <subfield code="0">0</subfield>
    <subfield code="1">0</subfield>
    <subfield code="2">ddc</subfield>
    <subfield code="4">0</subfield>
    <subfield code="7">0</subfield>
    <subfield code="a">WAHAB</subfield>
    <subfield code="b">WAHAB</subfield>
    <subfield code="d">2025-06-02</subfield>
    <subfield code="l">0</subfield>
    <subfield code="o">237.1 &#x627; &#x628; &#x646; &#x627;</subfield>
    <subfield code="p">000013913</subfield>
    <subfield code="r">2025-06-02 09:15:44</subfield>
    <subfield code="w">2025-06-02</subfield>
    <subfield code="y">BOOK</subfield>
  </datafield>
  <datafield tag="999" ind1=" " ind2=" ">
    <subfield code="c">699</subfield>
    <subfield code="d">699</subfield>
  </datafield>
</record>
